Essays in understanding Latin America

Сохранить в:
Библиографические подробности
Главный автор: Silvert, Kalman H (Автор)
Формат:
Язык:английский
Опубликовано: Filadelfia ISHI 1977
Предметы:
Метки: Добавить метку
Нет меток, Требуется 1-ая метка записи!

MARC

LEADER 00000nam a2200000 a 4500
001 UCL0660
003 CL-VaPUC
008 030801e19770000US |||||||||||||||||eng|d
020 |a 0915980827 
082 0 4 |a 327.1  |b SIL  |2 21 
100 0 |a Silvert, Kalman H  |e author  |9 477363 
245 1 0 |a Essays in understanding Latin America 
300 |a 240 p 
942 |c BK 
945 |d 20030801 00:00:00  |a cmena 
260 |a Filadelfia  |b ISHI  |c 1977 
650 0 |a Relaciones Internacionales  |9 255740 
650 0 |a Política y gobierno  |9 255151 
650 0 |a Condiciones sociales   |9 257278 
651 0 |a Estados Unidos  |9 255178 
651 0 |a América Latina   |9 255027 
583 |a last modification  |c 20030801 00:00:00  |k Rodrigo Vera 
999 |c 304475  |d 304473 
952 |0 0  |1 0  |4 0  |6 327_100000000000000_SIL_1977  |7 0  |8 A  |9 366777  |a BIBHIS  |b BIBHIS  |d 2019-11-21  |i 3925498  |o 327.1 SIL 1977  |p 3925498  |r 2025-01-20  |w 2019-11-21  |y BK  |k HIS